Disney Pixar Characters beginning with M - Statistics

General Stats
  • This quiz has been taken 17 times
  • The average score is 5 of 30
Answer Stats
Answer % Correct
Mike Wazowski
62%
M-O
62%
Mr Potato Head
54%
Mater
46%
Merida
46%
Mrs Potato Head
46%
Mr Incredible
38%
Marlin
31%
Mr Pricklepants
23%
Mack
15%
Manny
15%
Miles Axlerod
15%
Mom
15%
Mr Soil
15%
Mirage
8%
Molly Davis
8%
Molt
8%
Mr Ray
8%
Mama Topolino
0%
Martin
0%
Mary
0%
Maudie
0%
Meg
0%
Minny
0%
Momma Ida
0%
Moonfish School
0%
Mr Bile
0%
Mr Shark
0%
Ms Flint
0%
Mustafa
0%
No matching quizzes found
Score Distribution
Percent of People with Each Score
Percentile by Number Answered
Your Score History
You have not taken this quiz